00419nam a2200133Ia 4500008004100000020001800041041000800059082001700067100003500084245008400119250000600203260006500209300001100274210716s2015 xx 000 0 und d a9789352131303 aeng a005.304 CONA aCannor, Adam; Irizarry, Aaron. aDiscussing design:bimproving communication and collaboration through critique. a1 aNew DelhibShroff Publishers and Distributors Pvt Ltdc2015 axv,186